[Event "HUN-chT5"]
[Site "Hungary"]
[Date "2023.02.11"]
[Round "7.6"]
[White "Nagy, Tibor2222"]
[Black "Kamondi, Peter"]
[Result "1-0"]
[WhiteElo "1628"]
[BlackElo "1411"]
[PlyCount "56"]
[EventDate "2022.12.03"]
[EventType "team-tourn"]
[EventRounds "9"]
[EventCountry "HUN"]
[SourceTitle "EXT 2024"]
[Source "ChessBase"]
[SourceDate "2023.10.10"]
[SourceVersion "1"]
[SourceVersionDate "2023.10.10"]
[SourceQuality "1"]

1. e4 c5 2. Nf3 d6 3. c3 g6 4. Bc4 e6 5. 0-0 Bg7 6. d4 cxd4 7. cxd4 Ne7 8. Bg5 0-0 9. Nc3 f6 10. Be3 d5 11. exd5 exd5 12. Bb3 Nbc6 13. a3 f5 14. Bg5 h6 15. Nxd5 Kh7 16. Nxe7 Nxe7 17. Be3 f4 18. Bd2 Bg4 19. Bc3 Qb6 20. Ba2 Bxf3 21. Qxf3 Rab8 22. Rad1 Rbd8 23. Rfe1 Rd7 24. Re6 Qb5 25. Rde1 Nf5 26. Qg4 Nxd4 27. Qxg6+ Kh8 28. Re7 Nf5 1-0

[Event "HUN-chT5"]
[Site "Hungary"]
[Date "2023.02.11"]
[Round "8.9"]
[White "Varga, Antal"]
[Black "Kamondi, Peter"]
[Result "1-0"]
[WhiteElo "1420"]
[BlackElo "1411"]
[PlyCount "65"]
[EventDate "2022.12.03"]
[EventType "team-tourn"]
[EventRounds "9"]
[EventCountry "HUN"]
[SourceTitle "EXT 2024"]
[Source "ChessBase"]
[SourceDate "2023.10.10"]
[SourceVersion "1"]
[SourceVersionDate "2023.10.10"]
[SourceQuality "1"]

1. d4 Nf6 2. Nf3 d5 3. Bf4 Bf5 4. Nbd2 e6 5. c3 c5 6. Bxb8 Rxb8 7. Qa4+ Nd7 8. Qxa7 Bd6 9. Qa4 Ra8 10. Qd1 0-0 11. g3 c4 12. Nh4 Bg6 13. Bg2 b5 14. a3 Nb6 15. Nxg6 fxg6 16. 0-0 Na4 17. Qc2 Rf6 18. Nf3 Qc7 19. Rab1 Nb6 20. e4 dxe4 21. Qxe4 Nd5 22. Rfe1 Re8 23. Re2 Rf5 24. Bh3 Rf6 25. Rbe1 Qf7 26. Ng5 Qe7 27. Bxe6+ Rxe6 28. Qxd5 Qxg5 29. Qxg5 Rxe2 30. Rxe2 Rxe2 31. Qd5+ Kf8 32. Qxd6+ Kf7 33. Qb4 1-0

[Event "HUN-chT5"]
[Site "Hungary"]
[Date "2022.12.03"]
[Round "1.13"]
[White "Illes Nagy, Nora"]
[Black "Kamondi, Peter"]
[Result "1-0"]
[WhiteElo "1448"]
[BlackElo "1411"]
[PlyCount "53"]
[EventDate "2022.12.03"]
[EventType "team-tourn"]
[EventRounds "9"]
[EventCountry "HUN"]
[SourceTitle "EXT 2024"]
[Source "ChessBase"]
[SourceDate "2023.10.10"]
[SourceVersion "1"]
[SourceVersionDate "2023.10.10"]
[SourceQuality "1"]

1. d4 Nf6 2. c4 e6 3. Nc3 Bb4 4. Qc2 0-0 5. e4 Bxc3+ 6. bxc3 d5 7. e5 Nfd7 8. c5 f6 9. f4 fxe5 10. fxe5 Nc6 11. Nf3 h6 12. Qg6 Ne7 13. Qg3 Nf5 14. Qf2 c6 15. g4 Nh4 16. Qxh4 Qxh4+ 17. Nxh4 b6 18. cxb6 Nxb6 19. a4 Rxf1+ 20. Rxf1 Ba6 21. Rf2 Nc4 22. Ng6 Re8 23. Kd1 Bc8 24. h4 Bd7 25. Kc2 Rb8 26. Ba3 Kh7 27. Nf8+ 1-0